Osmotic regulation in aquatic animals / (Record no. 136405)

MARC details
000 -LEADER
fixed length control field 00767nam a2200265 a 4500
008 - FIXED-LENGTH DATA ELEMENTS--GENERAL INFORMATION
fixed length control field
049 ## - LOCAL HOLDINGS (OCLC)
Holding library MAIN
090 ## - LOCALLY ASSIGNED LC-TYPE CALL NUMBER (OCLC); LOCAL CALL NUMBER (RLIN)
Classification number (OCLC) (R) ; Classification number, CALL (RLIN) (NR) QL739.2
Local cutter number (OCLC) ; Book number/undivided call number, CALL (RLIN) KRO
003 - CONTROL NUMBER IDENTIFIER
control field
005 - DATE AND TIME OF LATEST TRANSACTION
control field 20230123125135.0
040 ## - CATALOGING SOURCE
Transcribing agency NUST
100 1# - MAIN ENTRY--PERSONAL NAME
Personal name Krogh, August.
245 10 - TITLE STATEMENT
Title Osmotic regulation in aquatic animals /
Statement of responsibility, etc. August Krogh.
260 ## - PUBLICATION, DISTRIBUTION, ETC.
Place of publication, distribution, etc. Cambridge :
Name of publisher, distributor, etc. Uiversity Press,
Date of publication, distribution, etc. 1939.
300 ## - PHYSICAL DESCRIPTION
Extent vii, 242 p. :
Other physical details ill. ;
Dimensions 23 cm.
504 ## - BIBLIOGRAPHY, ETC. NOTE
Bibliography, etc. note Includes bibliographical references.
500 ## - GENERAL NOTE
General note Includes index.
650 ## - SUBJECT ADDED ENTRY--TOPICAL TERM
Topical term or geographic name entry element Water balance (physiology).
650 ## - SUBJECT ADDED ENTRY--TOPICAL TERM
Topical term or geographic name entry element Osmotic regulation.
650 ## - SUBJECT ADDED ENTRY--TOPICAL TERM
Topical term or geographic name entry element Osmoregulation.
700 ## - ADDED ENTRY--PERSONAL NAME
Personal name Saunders, J.T.
700 ## - ADDED ENTRY--PERSONAL NAME
Personal name Barcroft, J.
907 ## - LOCAL DATA ELEMENT G, LDG (RLIN)
a .b1029207x
b 09-04-13
c 23-02-11
942 ## - ADDED ENTRY ELEMENTS (KOHA)
Koha item type Ordinary Loan Books
Call number prefix QL739.2
Call number suffix KRO
Holdings
Date last seen Total Checkouts Full call number Barcode Cost, replacement price Price effective from Koha item type Lost status Source of classification or shelving scheme Damaged status Not for loan Collection Withdrawn status Home library Current library Shelving location Date acquired Cost, normal purchase price
01/23/2023   QL739.2 KRO 92004011511 80.00 01/23/2023 BOOKS   LCC   1 NFIC   MAIN MAIN GEN 01/23/2023 80.00